Real or Fake National Animal? - Statistics

General Stats
  • This quiz has been taken 9 times
  • The average score is 5 of 10
Answers on the Grid
Answers color-coded by a green-red scale on the quiz's grid according to % correct below.
Aardvark
Badger
Bee
Butterfly
Chameleon
Cow
Deer
Dog
Donkey
Giraffe
Hedgehog
Hyena
Jaguar
Otter
Pelican
Salamander
Scorpion
Sloth
Swan
Tapir
 
Answer Stats
Answer % Correct
Cow
89%
Pelican
67%
Deer
56%
Giraffe
56%
Swan
56%
Butterfly
44%
Tapir
44%
Dog
33%
Hyena
22%
Sloth
22%
No matching quizzes found
Score Distribution
Percent of People with Each Score
Percentile by Number Answered
Your Score History
You have not taken this quiz